Cuộc phiêu lưu cuối cùng Feynman = Tuva or bust! Richard Feynman's last journey

Nội dung sách viết về cuộc phiêu lưu của Feynman. Cùng nhau khám phá, học ngôn ngữ, vượt qua ranh giới địa lý và cố gắng đến được Tuva, một đất nước nhỏ bé giữa lòng châu Á, gần như biệt lập với phần còn lại của thế giới và ít bị...

Full beskrivning

Sparad:
Bibliografiska uppgifter
Huvudupphovsman: Leighton, Ralph
Övriga upphovsmän: Nguyễn Văn Liễn (Dịch), Nguyễn Trần Hương Ly (Dịch)
Materialtyp: Bok
Språk:Vietnamese
Publicerad: Tp. Hồ Chí Minh Trẻ 2023
Upplaga:In lần thứ 2
Serie:Khoa học khám phá
Ämnen:
Taggar: Lägg till en tagg
Inga taggar, Lägg till första taggen!
Thư viện lưu trữ: Thư viện Trường Đại học Nam Cần Thơ
LEADER 01584nam a22002417a 4500
001 NCT_4_010836
008 240618b xxu||||| |||| 00| 0 vie d
999 |c 8492  |d 8492 
020 |a 9786041233843  |c 140000 
082 0 4 |2 23rd ed.  |a 915.75  |b L529 
100 1 |a Leighton, Ralph 
245 1 0 |a Cuộc phiêu lưu cuối cùng Feynman =   |b Tuva or bust! Richard Feynman's last journey  |c Ralph Leighton; Nguyễn Văn Liễn, Nguyễn Trần Hương Ly (dịch) 
250 |a In lần thứ 2 
260 |a Tp. Hồ Chí Minh  |b Trẻ  |c 2023 
300 |a 277 tr.  |b minh họa  |c 21cm 
490 0 |a Khoa học khám phá 
520 3 |a Nội dung sách viết về cuộc phiêu lưu của Feynman. Cùng nhau khám phá, học ngôn ngữ, vượt qua ranh giới địa lý và cố gắng đến được Tuva, một đất nước nhỏ bé giữa lòng châu Á, gần như biệt lập với phần còn lại của thế giới và ít bị ảnh hưởng bởi thế giới hiện đại, với những loài động vật kỳ lạ, những chiếc lều hình tròn,... và hát họng độc đáo. 
653 |a Tham khảo 
700 1 |a Nguyễn Văn Liễn  |e Dịch 
700 1 |a Nguyễn Trần Hương Ly  |e Dịch 
942 |2 ddc  |c BK 
952 |0 0  |1 0  |2 ddc  |4 0  |6 915_750000000000000_L529  |7 0  |9 29180  |a 000001  |b 000001  |d 2024-06-18  |o 915.75 L529  |p TK.04330  |r 2024-06-18  |v 140000.00  |w 2024-06-18  |y BK 
980 |a Thư viện Trường Đại học Nam Cần Thơ